<?xml version="1.0" encoding="UTF-8"?>
<record
    xmlns:xsi="http://www.w3.org/2001/XMLSchema-instance"
    xsi:schemaLocation="http://www.loc.gov/MARC21/slim http://www.loc.gov/standards/marcxml/schema/MARC21slim.xsd"
    xmlns="http://www.loc.gov/MARC21/slim">

  <leader>00385nam a22001457a 4500</leader>
  <controlfield tag="005">20190430171456.0</controlfield>
  <controlfield tag="008">190430b        xxu||||| |||| 00| 0 eng d</controlfield>
  <datafield tag="020" ind1=" " ind2=" ">
    <subfield code="a">9789350971550</subfield>
  </datafield>
  <datafield tag="041" ind1=" " ind2=" ">
    <subfield code="a">eng</subfield>
  </datafield>
  <datafield tag="100" ind1=" " ind2=" ">
    <subfield code="a">Chakraborty,S K &amp; Chakraborty Debangshu</subfield>
    <subfield code="9">4957</subfield>
  </datafield>
  <datafield tag="245" ind1=" " ind2=" ">
    <subfield code="a">Human Values and Ethics</subfield>
  </datafield>
  <datafield tag="260" ind1=" " ind2=" ">
    <subfield code="a">New Delhi</subfield>
    <subfield code="b">Himalaya Publishing House</subfield>
    <subfield code="c">2013</subfield>
  </datafield>
  <datafield tag="300" ind1=" " ind2=" ">
    <subfield code="a">332</subfield>
  </datafield>
  <datafield tag="942" ind1=" " ind2=" ">
    <subfield code="c">BK</subfield>
  </datafield>
  <datafield tag="999" ind1=" " ind2=" ">
    <subfield code="c">5839</subfield>
    <subfield code="d">5837</subfield>
  </datafield>
  <datafield tag="952" ind1=" " ind2=" ">
    <subfield code="0">0</subfield>
    <subfield code="1">0</subfield>
    <subfield code="4">0</subfield>
    <subfield code="7">0</subfield>
    <subfield code="a">JRU</subfield>
    <subfield code="b">JRU</subfield>
    <subfield code="c">Shelf - 25- F</subfield>
    <subfield code="d">2019-04-30</subfield>
    <subfield code="e">purchase</subfield>
    <subfield code="g">440.00</subfield>
    <subfield code="l">6</subfield>
    <subfield code="m">1</subfield>
    <subfield code="p">23103</subfield>
    <subfield code="r">2024-07-05 16:36:38</subfield>
    <subfield code="s">2024-07-03</subfield>
    <subfield code="w">2019-04-30</subfield>
    <subfield code="y">BK</subfield>
  </datafield>
  <datafield tag="952" ind1=" " ind2=" ">
    <subfield code="0">0</subfield>
    <subfield code="1">0</subfield>
    <subfield code="4">0</subfield>
    <subfield code="7">0</subfield>
    <subfield code="a">JRU</subfield>
    <subfield code="b">JRU</subfield>
    <subfield code="c">Shelf - 25- F</subfield>
    <subfield code="d">2019-04-30</subfield>
    <subfield code="e">purchase</subfield>
    <subfield code="g">440.00</subfield>
    <subfield code="l">2</subfield>
    <subfield code="p">23104</subfield>
    <subfield code="r">2022-02-28 00:00:00</subfield>
    <subfield code="s">2022-02-16</subfield>
    <subfield code="w">2019-04-30</subfield>
    <subfield code="y">BK</subfield>
  </datafield>
  <datafield tag="952" ind1=" " ind2=" ">
    <subfield code="0">0</subfield>
    <subfield code="1">0</subfield>
    <subfield code="4">0</subfield>
    <subfield code="7">0</subfield>
    <subfield code="a">JRU</subfield>
    <subfield code="b">JRU</subfield>
    <subfield code="c">Shelf - 25- F</subfield>
    <subfield code="d">2019-04-30</subfield>
    <subfield code="e">purchase</subfield>
    <subfield code="g">440.00</subfield>
    <subfield code="l">2</subfield>
    <subfield code="p">23105</subfield>
    <subfield code="r">2024-07-08 10:47:19</subfield>
    <subfield code="s">2024-07-03</subfield>
    <subfield code="w">2019-04-30</subfield>
    <subfield code="y">BK</subfield>
  </datafield>
  <datafield tag="952" ind1=" " ind2=" ">
    <subfield code="0">0</subfield>
    <subfield code="1">0</subfield>
    <subfield code="4">0</subfield>
    <subfield code="7">0</subfield>
    <subfield code="a">JRU</subfield>
    <subfield code="b">JRU</subfield>
    <subfield code="c">SHELF-5-E</subfield>
    <subfield code="d">2019-04-30</subfield>
    <subfield code="e">purchase</subfield>
    <subfield code="g">440.00</subfield>
    <subfield code="l">0</subfield>
    <subfield code="p">23106</subfield>
    <subfield code="r">2019-04-30 00:00:00</subfield>
    <subfield code="w">2019-04-30</subfield>
    <subfield code="y">BK</subfield>
  </datafield>
  <datafield tag="952" ind1=" " ind2=" ">
    <subfield code="0">0</subfield>
    <subfield code="1">0</subfield>
    <subfield code="4">0</subfield>
    <subfield code="7">0</subfield>
    <subfield code="a">JRU</subfield>
    <subfield code="b">JRU</subfield>
    <subfield code="c">Shelf - 25- F</subfield>
    <subfield code="d">2019-04-30</subfield>
    <subfield code="e">purchase</subfield>
    <subfield code="g">440.00</subfield>
    <subfield code="l">2</subfield>
    <subfield code="p">23107</subfield>
    <subfield code="r">2022-07-06 00:00:00</subfield>
    <subfield code="s">2022-06-23</subfield>
    <subfield code="w">2019-04-30</subfield>
    <subfield code="y">BK</subfield>
  </datafield>
  <datafield tag="952" ind1=" " ind2=" ">
    <subfield code="0">0</subfield>
    <subfield code="1">0</subfield>
    <subfield code="4">0</subfield>
    <subfield code="7">0</subfield>
    <subfield code="a">JRU</subfield>
    <subfield code="b">JRU</subfield>
    <subfield code="c">SHELF-5-E</subfield>
    <subfield code="d">2019-05-01</subfield>
    <subfield code="e">purchase</subfield>
    <subfield code="g">440.00</subfield>
    <subfield code="l">0</subfield>
    <subfield code="o">174.4</subfield>
    <subfield code="p">23108</subfield>
    <subfield code="r">2019-05-01 00:00:00</subfield>
    <subfield code="w">2019-05-01</subfield>
    <subfield code="y">BK</subfield>
  </datafield>
</record>
